[Event "DVM U12 2022"]
[Site "München GER"]
[Date "2022.12.30"]
[Round "7"]
[White "Geschke, David"]
[Black "Spielvogel, Oliver"]
[Result "1-0"]
[Termination "normal"]
[Board "10.2"]
[WhiteElo "1418"]
[BlackElo "1312"]
[WhiteTeam "TTC Grün-Weiß Fritzdorf 1958"]
[BlackTeam "Barnimer Schachfreunde im SV Stahl Finow"]
[PlyCount "91"]
[WhiteFideId "34619658"]
[BlackFideId "16296494"]
[EventCountry "GER"]
[EventRounds "7"]
[EventType "team-swiss"]
[EventDate "2022.12.26"]

1. d4 d5 2. c4 e6 3. Nc3 f5 4. Bf4 Nf6 5. Nf3 Bd6 6. Bg5 Be7 7. Rc1 c6 8. e3
Nbd7 9. Bf4 O-O 10. Bd3 Ne4 11. cxd5 exd5 12. Ne5 Nxc3 13. bxc3 Bf6 14. Bxf5
Bxe5 15. Be6 Kh8 16. dxe5 Nc5 17. Bxc8 Qxc8 18. O-O Qf5 19. Qd4 Nd3 20. Rcd1
Nxf4 21. exf4 Qxf4 22. Qxf4 Rxf4 23. Rfe1 Re8 24. Re2 h6 25. Rde1 Rc4 26. Re3
Ra4 27. R1e2 d4 28. cxd4 Rxd4 29. g3 c5 30. Rc3 Rd5 31. f4 b6 32. Rec2 Red8 33.
Re3 Rd1 34. Kf2 R1d2 35. Rxd2 Rxd2 36. Re2 Rd8 37. a4 Rd4 38. e6 Rd8 39. Ke3
Re8 40. f5 Kh7 41. Kf4 g6 42. f6 g5 43. Kf5 c4 44. f7 Rf8 45. Kf6 c3 46. e7 1-0

[Event "DVM U12 2022"]
[Site "München GER"]
[Date "2022.12.30"]
[Round "7"]
[White "Splitt, Albert"]
[Black "Geschke, Jonathan"]
[Result "0-1"]
[Termination "normal"]
[Board "10.3"]
[WhiteElo "1067"]
[BlackElo "1151"]
[WhiteTeam "Barnimer Schachfreunde im SV Stahl Finow"]
[BlackTeam "TTC Grün-Weiß Fritzdorf 1958"]
[PlyCount "114"]
[WhiteFideId "34602879"]
[BlackFideId "34636129"]
[EventCountry "GER"]
[EventRounds "7"]
[EventType "team-swiss"]
[EventDate "2022.12.26"]

1. d4 d5 2. Nc3 Nf6 3. f3 Bf5 4. Bg5 h6 5. Bxf6 exf6 6. e4 dxe4 7. fxe4 Bh7 8.
Nf3 Be7 9. Bc4 O-O 10. Qd2 Nd7 11. O-O-O Nb6 12. Bd3 Qd6 13. Qe3 Qd7 14. Qd2 a5
15. Rdg1 a4 16. g4 a3 17. b3 Bb4 18. Bb5 Bxc3 19. Qxc3 Qxb5 20. Qe3 Rfe8 21.
Nd2 Rad8 22. h4 Qb4 23. c3 Qe7 24. Re1 Qe6 25. Rhg1 Rd7 26. g5 Rde7 27. Rg2
Bxe4 28. Rge2 Bf5 29. Qxe6 Rxe6 30. Rxe6 Rxe6 31. Rg1 fxg5 32. hxg5 hxg5 33.
Nf3 f6 34. Kd2 Nd5 35. c4 Nf4 36. d5 Re2 37. Kc3 Re3 38. Kd4 Rxf3 39. Re1 Kf7
40. c5 Rf2 41. d6 cxd6 42. cxd6 Rxa2 43. Re7 Kf8 44. Rxb7 Rb2 45. Rb8 Kf7 46.
Rb7 Kg6 47. Ra7 Rxb3 48. Kc4 Rf3 49. d7 Bxd7 50. Rxd7 a2 51. Ra7 Rf2 52. Kb3 g4
53. Kc3 g3 54. Kd4 g2 55. Ke3 g1=Q 56. Ke4 Qe1 57. Kd4 Rd2 0-1

[Event "DVM U12 2022"]
[Site "München GER"]
[Date "2022.12.30"]
[Round "7"]
[White "Mende, Magnus"]
[Black "Wünsche, Jonathan"]
[Result "1-0"]
[Termination "normal"]
[Board "10.4"]
[WhiteElo "915"]
[BlackElo "1068"]
[WhiteTeam "TTC Grün-Weiß Fritzdorf 1958"]
[BlackTeam "Barnimer Schachfreunde im SV Stahl Finow"]
[PlyCount "99"]
[WhiteFideId "34617124"]
[BlackFideId "34602836"]
[EventCountry "GER"]
[EventRounds "7"]
[EventType "team-swiss"]
[EventDate "2022.12.26"]

1. e4 e5 2. Nf3 Nc6 3. Bc4 Bc5 4. c3 d6 5. O-O Bg4 6. h3 Bh5 7. b4 Bb6 8. d3 h6
9. Nbd2 g5 10. Qb3 Qf6 11. a4 a5 12. b5 Nce7 13. Bb2 Ng6 14. d4 Nf4 15. Kh2 Rh7
16. g3 Nxh3 17. Be2 g4 18. Nh4 exd4 19. f3 Ng1 20. fxg4 Qe6 21. Qxe6 fxe6 22.
gxh5 Nxe2 23. Ng6 O-O-O 24. Nf3 d3 25. Bc1 Rf7 26. Bd2 Nf6 27. e5 dxe5 28.
Nfxe5 Ng4 29. Nxg4 Rxf1 30. Rxf1 Bg1 31. Kg2 Bc5 32. Rf3 Bb4 33. cxb4 axb4 34.
Bxb4 d2 35. Bxd2 Rxd2 36. Rf2 c6 37. Nf4 Nxf4 38. gxf4 Rd4 39. bxc6 bxc6 40.
Nxh6 c5 41. Nf7 c4 42. h6 c3 43. h7 Rd2 44. h8=Q Kd7 45. Qxc3 Rxf2 46. Kxf2 Ke7
47. Qc7 Kf6 48. Ng5 Kg6 49. Qf7 Kh6 50. Qh7# 1-0